000 00688nam a2200157Ia 4500
005 20250714155849.0
008 250714s9999 xx 000 0 und d
020 _a9780071550116
082 _a929.44
_bWIL
100 _aWilson, Victoria
245 0 _aTeach Yourself Baby Names
260 _bMcGraw-Hill Education
_c2008
500 _aPick the right name for your baby Teach Yourself Baby Names contains more than 7,000 names from every origin, from Celtic and Sanskrit to brand-new names for the 21st century. You'll get inside info on which names will be dated in a few years, the ones most associated with success, and more.
650 _aFamily & Relationships
942 _cENGLISH
999 _c575742
_d575742